Words for Rivers - Statistics

General Stats
  • This quiz has been taken 9 times
    7 since last reset
  • The average score is 6 of 46
Answer Stats
Location Definition Name % Correct
World Small river Stream
83%
United States A marshy, slow-flowing river Bayou/Bogue
67%
World A man-made watercourse Canal
67%
World Small river Creek
67%
Southern USA A small, seasonal river Arroyo
50%
World Small river Brook
50%
World River River
50%
Southern Scotland A small stream Water
33%
Wales, England Welsh language word for a river, sometimes used in south-west England. Afon/Avon
17%
Northern England A small river Beck
17%
England A small river Bourn/Bourne
17%
World A man-made watercourse. Synonym of the above. Channel
17%
Lincolnshire A small stream. Eau
17%
World The part of a river near where it reaches the ocean, such as the Humber or Rio de la Plata Estuary
17%
World A small, seasonal river Gulch
17%
England The name of a man-made stream designed for spinning the wheel on a mill, often using water from a small stream. Race/Millrace
17%
World A small stream Rivulet
17%
Scotland and Northern England Small river Burn
0%
Peak District and Northumberland Small tributaries that are often found flowing down the sides of hills. Clough/Cleugh
0%
United States and Canada A small, marshy, slow-flowing river Coulee
0%
England A man-made stream, often connecting two natural rivers together. Cut
0%
Peak District A small stream. Also used as a term for an artificial watercourse in other areas in England. Dike/Dyke
0%
World A man-made ditch containing flowing water used in farming Drain
0%
Northern England Small tributaries often found flowing down the sides of hills. Gill/Ghyll
0%
Northern England A man-made watercourse used to spin a wheel in a mill Goit
0%
Northern England Small tributaries near the source of a river Grain
0%
World A man-made ditch containing flowing water, often used in farming. Gutter
0%
East Yorkshire A seasonal stream Gypsey
0%
Sussex A seasonal stream Lavant
0%
Northumberland A stream in marshy, boggy land Letch
0%
England A man-made stream Lode
0%
Northern England The name for flowing water on a mossy patch of ground. Moss
0%
Kent A seasonal stream Nailbourne
0%
Essex A small river Ree
0%
Somerset A man-made stream Rheen/Rhyne/Rhine
0%
World Small river Rill
0%
World A small watercourse Rindle
0%
Western USA A small stream Rito
0%
World Small river Runnel
0%
Peak District A small stream Sitch
0%
Northern England A small stream Slack
0%
Yorkshire Dales Small tributaries often found flowing down the sides of hills. Syke/Sike
0%
None A smaller river that joins onto a larger one Tributary/Branch
0%
England A small stream Wash
0%
None General name for a body of flowing water Watercourse/Waterway
0%
England A seasonal stream Winterbourne
0%
No matching quizzes found
Score Distribution
Percent of People with Each Score
Percentile by Number Answered
Your Score History
You have not taken this quiz since the last reset